• 首页
  • 本馆介绍
  • 公告通知
  • 最新文献
  • 馆藏检索
  • 电子资源
  • 读者导购
  • 参考咨询
  • 我的图书馆
  • 登录
  • 详细信息显示
  • 放入我的书架
  • 预约/预借图书
  • 作者相关作品
  • 分类相关作品
  • 丛书相关作品
  • 出版社相关作品

书目信息

  • 表格格式
  • 工作单格式
  • 卡片格式
题名:
毛泽东自述
    
 
作者: ;人民出版社 编
分册:  
出版信息: 北京   人民出版社  1996
页数: 312页
开本: 21cm
丛书名:
单 册:
中图分类: A752
科图分类:
主题词: 毛泽东著作--谈话 , 毛泽东--传记
电子资源:
ISBN: 7-01-001493-0
000 00598nam0 2200217 45
001 0303120941
005 20031219104106.8
010    @a7-01-001493-0@dCNY29.00
100    @a20030312d1996 km y0chiy0120 ea
101 0  @achi
105    @aa z 000yy
200 1  @a毛泽东自述@AMao Ze Dong Zi Shu@f人民出版社编@FRen Min Chu Ban She Bian
205    @a2版
210    @a北京@c人民出版社@d1996
215    @a312页@c冠照片@d21cm
606 0  @a毛泽东著作@x谈话
606 0  @a毛泽东@x传记
690    @aA752@v4
711 02 @a人民出版社@4编
801    @aCN@bTSTC@c20030312
905    @b320860-862@dA752@f3@e103=2
    
    毛泽东自述/人民出版社编.-2版.-北京:人民出版社,1996
    312页:冠照片;21cm
    
    
    ISBN 7-01-001493-0:CNY29.00
    
●
相关链接 在E读中查询图书 在五车中查询图书 在当当中查询图书 在豆瓣中查询图书


正题名:毛泽东自述     索取号:A752/103=2         预约/预借

序号 登录号 条形码 馆藏地/架位号 状态 备注
1 0320860   203208607   第一借阅区/ [索取号:A752/103=2] 在馆    
2 0320861   203208616   第一借阅区/ [索取号:A752/103=2] 在馆    
3 0320862   203208625   第一样本阅览室/ [索取号:A752/103=2] 在馆    
唐山师范学院图书馆 欢迎您!
大连网信软件有限公司© 版权所有